Test Your Numerical Aptitude (Record no. 219115)

MARC details
000 -LEADER
fixed length control field 00515nam a2200169Ia 4500
008 - FIXED-LENGTH DATA ELEMENTS--GENERAL INFORMATION
fixed length control field 230714s9999 xx 000 0 und d
020 ## - INTERNATIONAL STANDARD BOOK NUMBER
International Standard Book Number 9790000000000
041 ## - LANGUAGE CODE
Language code of text/sound track or separate title eng
082 ## - DEWEY DECIMAL CLASSIFICATION NUMBER
Classification number 155.2
Item number BAR
100 ## - MAIN ENTRY--PERSONAL NAME
Personal name Barrett J.
9 (RLIN) 108224
245 ## - TITLE STATEMENT
Title Test Your Numerical Aptitude
Remainder of title How To Access Your Numeracy Skills And Plan Your Career
260 ## - PUBLICATION, DISTRIBUTION, ETC. (IMPRINT)
Date of publication, distribution, etc. 2016
Name of publisher, distributor, etc. Source Book
300 ## - PHYSICAL DESCRIPTION
Extent 173
365 ## - TRADE PRICE
Currency code Rs.
Price amount 195.00
700 ## - ADDED ENTRY--PERSONAL NAME
Personal name Barrett J.
9 (RLIN) 108224
906 ## - LOCAL DATA ELEMENT F, LDF (RLIN)
d O:0360507-Oct-2016B:SE/SI/338203-Oct-2016
c GENRL
b 243.75

No items available.